Cities Starting with P in Chinese Pinyin - Statistics

General Stats
  • This quiz has been taken 31 times
  • The average score is 4 of 5
Answer Stats
Hint Answer % Correct
Pǐ Zī Bǎo Pittsburgh
92%
Pǔ Nà Pune
92%
Píng Rǎng Pyongyang
84%
Pǔ Āi Bù Lā Puebla
76%
Pò Sī Perth
48%
No matching quizzes found
Score Distribution
Percent of People with Each Score
Percentile by Number Answered
Your Score History
You have not taken this quiz